| 000 | 00685 a2200205 4500 | ||
|---|---|---|---|
| 999 |
_c30301 _d30301 |
||
| 003 | NUST | ||
| 005 | 20180118114224.0 | ||
| 008 | 180118b xxu||||| |||| 00| 0 eng d | ||
| 020 | _a3642051634 | ||
| 020 | _a9783642051630 | ||
| 082 | _a515.352 | ||
| 100 | 1 |
_aHairer, Ernst. _98610 |
|
| 245 | 1 | 0 |
_aSolving ordinary differential equations I : _bnonstiff problems / _cErnst Hairer, Syvert P. Norsett, Gerhard Wanner. |
| 250 | _a2nd ed. 1993. Corr. 3rd printing 2009. | ||
| 260 |
_a[S.l.] : _bSpringer, _c2009. |
||
| 300 |
_a528 p. ; _c24 cm. |
||
| 490 | 1 | _aSpringer series in computational mathematics. | |
| 700 | 1 |
_aNorsett, Syvert P. _98611 |
|
| 700 | 1 |
_aWanner, Gerhard. _98612 |
|
| 830 | 0 |
_aSpringer series in computational mathematics. _98613 |
|
| 942 |
_aSNS _cBK _k515.352 HAI _2ddc |
||